Vista normal
Vista MARC
Entrada Nombre personal
Número de registros utilizados en: 3
001 - NÚMERO DE CONTROL
- campo de control: 64407
003 - IDENTIFICADOR DEL NÚMERO DE CONTROL
- campo de control: BNPHU
005 - FECHA Y HORA DE LA ÚLTIMA TRANSACCIÓN
- campo de control: 20240305133053.0
008 - DATOS DE LONGITUD FIJA
- campo de control de longitud fija: 200615|| aca||aabn | a|a d
040 ## - FUENTE DE LA CATALOGACIÓN
- Centro catalogador/agencia de origen: DO-SdBNP
- Lengua de catalogación: spa
- Centro/agencia transcriptor: BNPHU
- Normas de descripción: rda
100 1# - ENCABEZAMIENTO-NOMBRE DE PERSONA
- Nombre de persona: Río Moreno, Justo Lucas del,
- Fechas asociadas al nombre: 1963-
370 ## - LUGAR ASOCIADO
- Lugar de nacimiento: Badajoz (España)
- País asociado: España
374 ## - OCUPACIÓN
- Ocupación: Historiador
375 ## - GÉNERO/SEXO
- Género/Sexo: Masculino
377 ## - LENGUA/LENGUAJE ASOCIADO
- Código del idioma: spa
400 1# - TRAZADO DE VÉASE--NOMBRE DE PERSONA
- Nombre de persona: Moreno, Justo Lucas del Río,
- Fechas asociadas al nombre: 1963-
400 1# - TRAZADO DE VÉASE--NOMBRE DE PERSONA
- Nombre de persona: Del Río Moreno, Justo Lucas,
- Fechas asociadas al nombre: 1963-
670 ## - FUENTE DE DATOS ENCONTRADOS
- Cita de la fuente: Work cat.: (OSt)37501: Del Río Moreno, Justo Lucas, 1963-, Los inicios de la agricultura europea en el nuevo mundo 1492-1542 /, 2012.
670 ## - FUENTE DE DATOS ENCONTRADOS
- Cita de la fuente: Los inicios de la agricultura europea en el Nuevo Mundo, 1492-1542, 2012
